000 00276nam a2200109Ia 4500
001 1275899
005 20260417160437.0
008 260417s9999 xx 000 0 und d
020 _a9786050676280
245 0 _aRenkli Çoraplı Kuzgun
_cDidem Demirel
260 _bKetebe Çocuk
999 _c1275899
_d1275899